Представление документа в формате RUSMARC

ПолеНазваниеЗначение
  Тип записи a
  Библиографический уровень m
001 Контрольный номер RU/УОНБ/EK/490976655
005 Дата корректировки 20260313124038.5
010 Индекс ISBN __
a ISBN 978-5-17-082525-7
d Цена 200 р.
9 Тираж 80000 экз.
b Уточнения в пер.
100 Данные общей обработки __
a Данные общей обработки 20150723d2015 u y0rusy0189||||ca
101 Язык документа 0_
a Язык текста rus
102 Страна публикации __
a Страна публикации RU
105 Кодированные данные (монография) __
a Кодированные данные (монография) a z 000yy
200 Заглавие и сведения об ответственности 1_
a Заглавие Бох и Шельма
e Сведения, относящиеся к заглавию [повести]
f Первые сведения об ответственности Б. Акунин
210 Выходные данные 1_
a Место издания Москва
c Издательство Жанры
c Издательство АСТ
d Дата издания 2015
215 Физическое описание __
a Объем 300, [2] с.
c Иллюстрации/тип воспроизводства ил.
d Формат 24 см
225 Серия 1_
a Серия История Российского государства
e Сведения, относящиеся к заглавию серии в повестях и романах
327 Примечание о содержании 11
a Примечание о содержании Содерж.: Звездуха ; Мир ; Бох и Шельма
333 Примечание о целевом назначении __
a Примечание о целевом назначении 18+
461 Уровень набора _0
1 001RU/УОНБ/EK/490977916
1 2001
a Планета вода
e приключения Эраста Фандорина в XX веке
f Б. Акунин
v Ч. 1
1 2101
a М.
c Захаров
d 2015 -
1 225
a Новый детективъ
606 Тематические рубрики 1_
a Основная рубрика Исторические романы и рассказы (х. л.)
610 Ключевые слова 0_
a Ключевые слова исторические романы русские
610 Ключевые слова 0_
a Ключевые слова монголо-татарское иго
686 Индексы других классификаций __
a Классификационный индекс 84Р2-42
2 Код системы rubbk
700 Автор _1
a Фамилия Акунин
b Имя (инициалы) Б.
g Полное личное имя Борис
801 Источник записи _0
a Страна RU
b Организация Ульяновская ОНБ
c Дата составления 20150723
g Правила каталогизации RCR
801 Источник записи _1
a Страна RU
b Организация Ульяновская ОНБ
c Дата составления 20150723
g Правила каталогизации RCR
901 Тип документа __
t Тип документа m
909 Создатель записи __
a Создатель записи Мейснер
b Дата создания записи 20150724
938 Служебная информация __
a Имя БД books
b Имя библиотеки УОНБ
c Имя АИБС МАРК-SQL
d Номер DOC_ID в БД 313264
970 Признак ограниченного доступа __
a Фамилия Чхартишвили
b Имя (инициалы) Г. Ш.
g Полное личное имя Григорий Шалвович
e 12.01.2024
f Иностранный агент (физическое лицо)
f Внесен в перечень террористов и экстремистов
996 Контроль за деятельностью лиц, находящихся под иностранным влиянием __
b Текстовое указание НАСТОЯЩИЙ МАТЕРИАЛ (ИНФОРМАЦИЯ) ПРОИЗВЕДЁН, РАСПРОСТРАНЁН И (ИЛИ) НАПРАВЛЕН ИНОСТРАННЫМ АГЕНТОМ ЧХАРТИШВИЛИ ГРИГОРИЕМ ШАЛВОВИЧЕМ ЛИБО КАСАЕТСЯ ДЕЯТЕЛЬНОСТИ ИНОСТРАННОГО АГЕНТА ЧХАРТИШВИЛИ ГРИГОРИЯ ШАЛВОВИЧА